[Event "Ct. Catalunya eq DH"]
[Site "?"]
[Date "2013.01.26"]
[Round "2.6"]
[White "Fernandez Cazorla, A."]
[Black "Grafl, F."]
[Result "0-1"]
[WhiteElo "2303"]
[BlackElo "2416"]
[PlyCount "66"]
[EventDate "2013.??.??"]
[EventType "tourn"]
[EventRounds "11"]

1. Nf3 f5 2. d4 Nf6 3. g3 e6 4. Bg2 Be7 5. O-O O-O 6. c4 d6 7. Nc3 Ne4 8. Qd3
Nxc3 9. bxc3 Nc6 10. e4 e5 11. Re1 f4 12. d5 Nb8 13. gxf4 exf4 14. Nd4 Nd7 15.
f3 Ne5 16. Qe2 Qe8 17. a4 c5 18. dxc6 bxc6 19. c5 dxc5 20. Nf5 c4 21. Bxf4 Nd3
22. Nxe7+ Qxe7 23. Be3 Nxe1 24. Rxe1 Be6 25. f4 Rab8 26. f5 Bf7 27. Qg4 Rfd8
28. Bd4 Rxd4 29. cxd4 c3 30. e5 c2 31. Be4 Qb4 32. Qg3 Qxd4+ 33. Qf2 Qxe4 0-1

[Event "Ct. Catalunya eq DH"]
[Site "?"]
[Date "2013.01.26"]
[Round "2.6"]
[White "Garcia Paolicchi, R."]
[Black "Alexandrova, O."]
[Result "0-1"]
[WhiteElo "2271"]
[BlackElo "2418"]
[PlyCount "196"]
[EventDate "2013.??.??"]
[EventType "tourn"]
[EventRounds "11"]

1. d4 d5 2. Nf3 Nf6 3. c4 e6 4. e3 Be7 5. b3 O-O 6. Bd3 b6 7. O-O Bb7 8. Bb2 c5
9. Nbd2 Nc6 10. Rc1 cxd4 11. exd4 Rc8 12. Qe2 Rc7 13. a3 dxc4 14. bxc4 Rd7 15.
Qe3 Re8 16. Bc2 Rc7 17. Ba4 Rf8 18. Rfd1 Qc8 19. Bc2 Rd8 20. Bb3 Na5 21. Ba2
Qa8 22. Qf4 Rdc8 23. Ne5 Bxg2 24. d5 Bh3 25. Nxf7 Kxf7 26. Qg3 Bf5 27. d6 Nh5
28. Qf3 Qxf3 29. Nxf3 Bxd6 30. Rxd6 Ke7 31. Rd4 b5 32. Rh4 Nf6 33. Be5 Rd7 34.
c5 Nc4 35. Bxc4 Rxc5 36. Bc3 Rxc4 37. Rxc4 bxc4 38. Bb4+ Ke8 39. Rxc4 Rd1+ 40.
Ne1 Nd5 41. Ba5 g5 42. Kg2 Ra1 43. a4 Ra3 44. Bd2 Bh3+ 45. Kg1 h6 46. f3 Ra2
47. Rd4 Bf5 48. a5 Kf7 49. Ng2 Kf6 50. f4 gxf4 51. Nxf4 Nxf4 52. Bxf4 h5 53.
Bd2 e5 54. Rd8 Bg4 55. Kf2 Kf5 56. Ke3 Ra3+ 57. Rd3 Ra1 58. Rd7 a6 59. Rd6 Ra3+
60. Rd3 Ra4 61. Rd6 Re4+ 62. Kf2 Re2+ 63. Kg3 Ke4 64. Bh6 Bf3 65. Rxa6 Rg2+ 66.
Kh4 Rxh2+ 67. Kg5 Bg4 68. Rb6 Ra2 69. a6 Be2 70. Bg7 Bxa6 71. Kxh5 Bc4 72. Rb4
Kd3 73. Bxe5 Ra5 74. Kg4 Rxe5 75. Kf4 Re8 76. Rb6 Kd4 77. Rf6 Bd5 78. Kg5 Re1
79. Rf2 Be4 80. Ra2 Ke5 81. Rf2 Rg1+ 82. Kh4 Bf5 83. Re2+ Kf6 84. Rb2 Rg4+ 85.
Kh5 Rg3 86. Rb6+ Be6 87. Rb4 Rh3+ 88. Rh4 Rd3 89. Rb4 Bf5 90. Ra4 Be6 91. Rb4
Rd8 92. Kh4 Rg8 93. Ra4 Ke5 94. Ra3 Rg4+ 95. Kh5 Kf6 96. Ra6 Rd4 97. Rb6 Ra4
98. Rb5 Bf7+ 0-1

[Event "Ct. Catalunya eq DH"]
[Site "?"]
[Date "2013.01.26"]
[Round "2.6"]
[White "Llaneza Vega, P."]
[Black "Travesset Ribera, J."]
[Result "0-1"]
[WhiteElo "2320"]
[BlackElo "2324"]
[PlyCount "100"]
[EventDate "2013.??.??"]
[EventType "tourn"]
[EventRounds "11"]

1. e4 d5 2. exd5 Qxd5 3. Nc3 Qa5 4. Bc4 Nf6 5. d4 Bf5 6. Bd2 c6 7. Nd5 Qd8 8.
Nxf6+ gxf6 9. Bc3 e6 10. Qe2 Be7 11. g4 Bg6 12. O-O-O Qc7 13. Nh3 h5 14. Qe3
hxg4 15. Nf4 Bf5 16. d5 cxd5 17. Bxd5 Bd6 18. Ne2 Nd7 19. Kb1 Rh3 20. Ng3 Be5
21. Bg2 Bxc3 22. bxc3 Rxg3 23. hxg3 Ke7 24. Qd4 Nc5 25. Qb4 Rc8 26. Rd4 b6 27.
Rhd1 e5 28. R4d2 a5 29. Qc4 b5 30. Qd5 Be6 31. Qd6+ Qxd6 32. Rxd6 Na4 33. R1d2
Nxc3+ 34. Kb2 e4 35. Ra6 a4 36. a3 f5 37. Bf1 Rc5 38. Rb6 Kf6 39. Rd4 Ke5 40.
Rd2 f4 41. gxf4+ Kxf4 42. Rb8 Kf3 43. Rh8 f5 44. Rh2 Kf4 45. Rh6 Bc4 46. Kxc3
Bxf1+ 47. Kb4 Rc4+ 48. Ka5 Rc3 49. Rh4 Bc4 50. Kb4 Rh3 0-1

[Event "Ct. Catalunya eq DH"]
[Site "?"]
[Date "2013.01.26"]
[Round "2.6"]
[White "Rahal, M."]
[Black "Casanellas Ruano, L."]
[Result "1-0"]
[WhiteElo "2433"]
[BlackElo "2290"]
[PlyCount "35"]
[EventDate "2013.??.??"]
[EventType "tourn"]
[EventRounds "11"]

1. e4 c6 2. d4 d5 3. Nc3 dxe4 4. Nxe4 Bf5 5. Ng3 Bg6 6. Bc4 e6 7. N1e2 Nf6 8.
O-O Bd6 9. f4 Qc7 10. f5 exf5 11. Nxf5 Bxh2+ 12. Kh1 O-O 13. g3 Bxf5 14. Rxf5
Bxg3 15. Rxf6 gxf6 16. Qg1 Kh8 17. Qxg3 Qe7 18. Qh4 1-0

[Event "Ct. Catalunya eq DH"]
[Site "?"]
[Date "2013.01.26"]
[Round "2.7"]
[White "Draghici Flutor, G."]
[Black "Gutierrez Clares, J."]
[Result "0-1"]
[WhiteElo "2321"]
[BlackElo "2207"]
[PlyCount "72"]
[EventDate "2013.??.??"]
[EventType "tourn"]
[EventRounds "11"]

1. e4 c5 2. Nf3 e6 3. d4 cxd4 4. Nxd4 Qb6 5. Be3 Qxb2 6. Nd2 Qb4 7. Nb5 Qa5 8.
c3 d5 9. exd5 exd5 10. Bf4 Na6 11. Nd6+ Bxd6 12. Bxd6 Ne7 13. Bxe7 Kxe7 14. Bd3
Re8 15. O-O Kf8 16. Qh5 h6 17. Nc4 Qxc3 18. Qxd5 Be6 19. Qd6+ Kg8 20. Rac1 Qf6
21. Qg3 Rad8 22. Nd6 Re7 23. Nxb7 Rxb7 24. Bxa6 Rb4 25. Rfd1 Rxd1+ 26. Rxd1 Bg4
27. f3 Qxa6 28. fxg4 Qxa2 29. Rd8+ Kh7 30. Qd3+ g6 31. Rh8+ Kxh8 32. Qc3+ Kg8
33. Qxb4 a5 34. Qf4 Qa1+ 35. Kf2 a4 36. Qb8+ Kg7 0-1

[Event "Ct. Catalunya eq DH"]
[Site "?"]
[Date "2013.01.26"]
[Round "2.7"]
[White "Pardo Simon, D."]
[Black "Fassnacht, P."]
[Result "1-0"]
[WhiteElo "2418"]
[BlackElo "2204"]
[PlyCount "65"]
[EventDate "2013.??.??"]
[EventType "tourn"]
[EventRounds "11"]

1. Nf3 d6 2. e4 Nf6 3. Nc3 c6 4. d4 Nbd7 5. a4 e5 6. Bc4 Be7 7. O-O O-O 8. Ba2
h6 9. a5 Nh7 10. Be3 Ng5 11. Nd2 Nf6 12. dxe5 dxe5 13. f3 Ne6 14. Nc4 Qc7 15.
Qe1 Nh5 16. Qf2 Rd8 17. Rfd1 Rxd1+ 18. Nxd1 Bb4 19. Bb3 Qe7 20. Nxe5 Qf6 21.
Nd3 Bd6 22. Nc3 Bc7 23. Ne2 Ng5 24. Ra4 Qg6 25. Kh1 Bd7 26. Nc5 Bc8 27. f4 Qd6
28. Rd4 Qxc5 29. fxg5 Qe7 30. g6 Nf6 31. gxf7+ Kf8 32. Nf4 Bxf4 33. Bxf4 1-0

[Event "Ct. Catalunya eq DH"]
[Site "?"]
[Date "2013.01.26"]
[Round "2.7"]
[White "Pueyo Burrell, D."]
[Black "De la Riva Aguado, J."]
[Result "0-1"]
[WhiteElo "2306"]
[BlackElo "2320"]
[PlyCount "116"]
[EventDate "2013.??.??"]
[EventType "tourn"]
[EventRounds "11"]

1. Nf3 Nf6 2. g3 g6 3. Bg2 Bg7 4. O-O O-O 5. d4 d6 6. c4 c5 7. Nc3 Nc6 8. h3
cxd4 9. Nxd4 Bd7 10. e3 Rb8 11. b3 a6 12. Nxc6 bxc6 13. Bb2 Qa5 14. Qd2 Qh5 15.
Qd1 Qa5 16. Qd2 Qh5 17. Qd1 Qh6 18. h4 Ng4 19. Qe2 Qh5 20. Rfd1 Rfc8 21. Rac1
Qa5 22. Ba1 Ne5 23. Na4 Bg4 24. f3 Be6 25. Qc2 h5 26. Bc3 Qc7 27. Qd2 Re8 28.
Kf2 Kh7 29. Bd4 c5 30. Ba1 Bf5 31. Qe2 Bd7 32. Nc3 Bc6 33. Nd5 Qb7 34. e4 Rbd8
35. Bh3 e6 36. Ne3 f5 37. f4 Ng4+ 38. Bxg4 hxg4 39. exf5 gxf5 40. Bxg7 Qxg7 41.
Qd2 Bf3 42. Re1 Kg6 43. Qc3 Qf6 44. Qxf6+ Kxf6 45. Rc2 Rc8 46. Rd2 Red8 47. Rc1
Be4 48. Nd1 d5 49. cxd5 exd5 50. Ne3 Ke6 51. Rdd1 a5 52. Rd2 Rd6 53. Rcd1 Rcc6
54. Rc1 Rc7 55. Rcd1 a4 56. Nc4 Ra6 57. Ne5 axb3 58. axb3 Ra3 0-1

[Event "Ct. Catalunya eq DH"]
[Site "?"]
[Date "2013.01.26"]
[Round "2.7"]
[White "Ramirez Garcia, JA."]
[Black "Camacho Collados, J."]
[Result "0-1"]
[WhiteElo "2309"]
[BlackElo "2345"]
[PlyCount "108"]
[EventDate "2013.??.??"]
[EventType "tourn"]
[EventRounds "11"]

1. e4 c5 2. Nf3 Nc6 3. d4 cxd4 4. Nxd4 Nf6 5. Nc3 e6 6. a3 Be7 7. Be3 O-O 8.
Be2 d5 9. exd5 Nxd5 10. Nxd5 Qxd5 11. O-O Nxd4 12. Qxd4 Qa5 13. Bf3 e5 14. Qc3
Qxc3 15. bxc3 Rd8 16. Rfb1 Rd7 17. Rb5 f6 18. c4 Kf8 19. a4 Rc7 20. Bd5 a6 21.
Rb6 Bc5 22. Bxc5+ Rxc5 23. Rab1 Ra7 24. c3 Ke7 25. Kf1 Rc7 26. a5 Rc5 27. Ra1
Kd8 28. Ke2 Kc7 29. Rb2 Bd7 30. f3 Bc6 31. Bf7 Ra8 32. Rd2 Rf8 33. Be6 Re8 34.
Bf7 Re7 35. Bg8 g5 36. g3 h5 37. Ke3 f5 38. Rdd1 g4 39. f4 exf4+ 40. Kxf4 Re4+
41. Kg5 f4+ 42. Bd5 Rexc4 43. gxf4 Bxd5 44. f5 Be4 45. Rf1 Rxc3 46. Rae1 Rf3
47. Rxf3 Bxf3 48. Kg6 h4 49. f6 g3 50. hxg3 hxg3 51. Kg7 Bd5 52. Re5 g2 53. Rg5
Kd6 54. Kg6 Bf7+ 0-1

[Event "Ct. Catalunya eq DH"]
[Site "?"]
[Date "2013.01.26"]
[Round "2.7"]
[White "Serra Pages, J."]
[Black "Hernando Rodrigo, JM."]
[Result "1-0"]
[WhiteElo "2284"]
[BlackElo "2393"]
[PlyCount "83"]
[EventDate "2013.??.??"]
[EventType "tourn"]
[EventRounds "11"]

1. d4 g6 2. c4 f5 3. Nc3 Nf6 4. g3 d6 5. Bg2 Bg7 6. Nh3 c6 7. O-O O-O 8. d5 e5
9. dxe6 Bxe6 10. b3 Na6 11. Bb2 Qe7 12. Qd2 Rad8 13. Rad1 Rfe8 14. Rfe1 d5 15.
cxd5 Nxd5 16. Qc1 Nab4 17. Nxd5 Bxd5 18. Bxg7 Qxg7 19. a3 Bxg2 20. Kxg2 Nd5 21.
Nf4 Qe5 22. Nxd5 cxd5 23. e3 Qe4+ 24. Kg1 Rc8 25. Qd2 Red8 26. Rc1 Rc6 27. Rxc6
bxc6 28. Qa5 Rf8 29. Rc1 d4 30. exd4 f4 31. Qe5 Qd3 32. Qe6+ Rf7 33. Qxc6 fxg3
34. hxg3 Qd2 35. Qc2 Qa5 36. Qc8+ Kg7 37. Qc5 Qa6 38. Qe5+ Kg8 39. d5 Qxa3 40.
Rc8+ Rf8 41. Rc7 Rf7 42. d6 1-0

[Event "Ct. Catalunya eq DH"]
[Site "?"]
[Date "2013.01.26"]
[Round "2.8"]
[White "Castellet Giralt, G."]
[Black "Bosque Ortega, X."]
[Result "1-0"]
[WhiteElo "2285"]
[BlackElo "2322"]
[PlyCount "51"]
[EventDate "2013.??.??"]
[EventType "tourn"]
[EventRounds "11"]

1. d4 d5 2. c4 c6 3. Nf3 Nf6 4. Nc3 Bf5 5. cxd5 Nxd5 6. Qb3 Qb6 7. Nxd5 cxd5 8.
Qxd5 e6 9. Qb3 Bb4+ 10. Bd2 Bxd2+ 11. Kxd2 Qa5+ 12. Qc3 Qd8 13. Qa3 Nc6 14. e3
Qb6 15. Be2 O-O-O 16. Rhc1 Kb8 17. Rc5 e5 18. Nxe5 Nxd4 19. exd4 Rxd4+ 20. Ke1
Re8 21. Qc3 Re4 22. f3 Rxe2+ 23. Kxe2 f6 24. Kf1 fxe5 25. Rc1 Qd6 26. Re1 1-0

[Event "Ct. Catalunya eq DH"]
[Site "?"]
[Date "2013.01.26"]
[Round "2.8"]
[White "Colon Garcia, E."]
[Black "Manera Lopez, J."]
[Result "1-0"]
[WhiteElo "2381"]
[BlackElo "2280"]
[PlyCount "139"]
[EventDate "2013.??.??"]
[EventType "tourn"]
[EventRounds "11"]

1. e4 g6 2. d4 c6 3. Nc3 d5 4. Nf3 Bg7 5. h3 dxe4 6. Nxe4 Nd7 7. Bc4 Ngf6 8.
Nxf6+ Nxf6 9. O-O O-O 10. Re1 e6 11. c3 Qc7 12. Ne5 c5 13. Bf4 cxd4 14. Bb3 Qb6
15. cxd4 Nd5 16. Bg3 Qd8 17. Qf3 a5 18. Rad1 a4 19. Bc4 Ra5 20. h4 h5 21. a3
Bf6 22. Qe4 Kg7 23. Ba2 Ne7 24. Bf4 Rb5 25. Qe2 Rb6 26. Nc4 Ra6 27. Nd2 Nd5 28.
Be5 Bxe5 29. Qxe5+ Qf6 30. Ne4 Qxe5 31. dxe5 Rb6 32. Rd2 Ne7 33. Nc5 Nc6 34.
Nxa4 Rb5 35. f4 Ne7 36. Nc3 Rc5 37. g3 Nf5 38. Kg2 b6 39. Bb1 Ne7 40. Rd6 b5
41. Red1 b4 42. axb4 Rc4 43. b5 Rb4 44. R1d2 Nd5 45. Nxd5 exd5 46. R6xd5 Be6
47. Rc5 Rb8 48. Kf3 R4xb5 49. Rxb5 Rxb5 50. Bd3 Rb3 51. Kf2 Kf8 52. Be2 Ke7 53.
Bd1 Rb4 54. b3 Rb5 55. Rd3 Bf5 56. Rc3 Rd5 57. Bf3 Rb5 58. Be2 Rb7 59. Ke3 Rb4
60. Rc7+ Ke8 61. Bc4 Be6 62. Bxe6 fxe6 63. Rc3 Kd7 64. Rd3+ Kc7 65. Kd2 Re4 66.
Rd6 Rb4 67. Rxe6 Rxb3 68. Rxg6 Kd7 69. Rd6+ Ke7 70. Rd3 1-0

[Event "Ct. Catalunya eq DH"]
[Site "?"]
[Date "2013.01.26"]
[Round "2.8"]
[White "Fernandez Madrid, C."]
[Black "Gallego Bergada, A."]
[Result "1-0"]
[WhiteElo "2300"]
[BlackElo "2204"]
[PlyCount "79"]
[EventDate "2013.??.??"]
[EventType "tourn"]
[EventRounds "11"]

1. c4 e6 2. Nf3 f5 3. b3 Nf6 4. g3 d5 5. cxd5 exd5 6. Bg2 Bd6 7. O-O O-O 8. Ba3
c6 9. Bxd6 Qxd6 10. a4 a5 11. d4 Nbd7 12. Nc3 Ne4 13. Qc2 Qh6 14. Rad1 Qh5 15.
e3 Rf6 16. h4 h6 17. Nh2 g5 18. Qe2 Qg6 19. Nxe4 dxe4 20. h5 Qe8 21. f3 b6 22.
Qc4+ Kg7 23. Qc3 Ba6 24. Rf2 Qxh5 25. g4 fxg4 26. Nxg4 exf3 27. Nxf6 Nxf6 28.
d5 fxg2 29. Qxf6+ Kg8 30. Qe6+ Kg7 31. Kxg2 Re8 32. Qd7+ Kg8 33. dxc6 Bc8 34.
Qd5+ Be6 35. Qd4 g4 36. Kg1 Bxb3 37. Rd3 Be6 38. e4 Qg5 39. Qf6 Qh5 40. c7 1-0

[Event "Ct. Catalunya eq DH"]
[Site "?"]
[Date "2013.01.26"]
[Round "2.8"]
[White "Martinez Ramirez, E."]
[Black "Avila Jimenez, X."]
[Result "1/2-1/2"]
[WhiteElo "2373"]
[BlackElo "2336"]
[PlyCount "98"]
[EventDate "2013.??.??"]
[EventType "tourn"]
[EventRounds "11"]

1. e4 c6 2. d4 d5 3. Nd2 dxe4 4. Nxe4 Bf5 5. Ng3 Bg6 6. Bc4 e6 7. N1e2 Bd6 8.
h4 h6 9. Nf4 Ne7 10. Nxg6 Nxg6 11. Ne4 Nxh4 12. Nxd6+ Qxd6 13. Rxh4 Qb4+ 14. c3
Qxc4 15. Qg4 Nd7 16. Qxg7 O-O-O 17. g3 e5 18. Qg4 exd4 19. Qxd4 Qb5 20. c4 Qf5
21. Kf1 Ne5 22. Qe4 Rd1+ 23. Ke2 Qd7 24. Qc2 Rd8 25. Re4 f6 26. Rf4 Kb8 27. b3
Qh3 28. Qxd1 Rxd1 29. Kxd1 Qf1+ 30. Kc2 Qd3+ 31. Kb2 Ng6 32. Be3 Qe2+ 33. Kc3
Nxf4 34. Bxf4+ Kc8 35. Be3 a5 36. a4 h5 37. Rh1 b5 38. axb5 cxb5 39. cxb5 Qxb5
40. Rh4 Kd7 41. Rc4 Ke6 42. Re4+ Kf7 43. Rf4 Ke6 44. Kc2 Qe2+ 45. Bd2 Qb5 46.
Bc3 Qe2+ 47. Kc1 f5 48. Bxa5 Qa2 49. Bc3 Qxb3 1/2-1/2

[Event "Ct. Catalunya eq DH"]
[Site "?"]
[Date "2013.01.26"]
[Round "2.9"]
[White "Bautista Sanchez, J."]
[Black "Lopez Santana, O."]
[Result "1/2-1/2"]
[WhiteElo "2294"]
[BlackElo "2272"]
[PlyCount "107"]
[EventDate "2013.??.??"]
[EventType "tourn"]
[EventRounds "11"]

1. Nf3 Nf6 2. c4 b6 3. g3 Bb7 4. Bg2 c5 5. d4 cxd4 6. Qxd4 Nc6 7. Qd1 e6 8. O-O
Be7 9. Nc3 O-O 10. Bf4 d6 11. Qd2 Na5 12. b3 d5 13. cxd5 Nxd5 14. Nxd5 Qxd5 15.
Qxd5 Bxd5 16. Rac1 Rac8 17. Nd4 Bxg2 18. Kxg2 Rfd8 19. Nb5 a6 20. Nc7 Ba3 21.
Rcd1 Rxd1 22. Rxd1 g5 23. Be3 Rxc7 24. Bxb6 Rc2 25. Bxa5 Rxe2 26. Bc3 h5 27.
Rd2 Rxd2 28. Bxd2 g4 29. h3 Kg7 30. f3 f5 31. Bc3+ Kf7 32. Be5 Bc5 33. hxg4
fxg4 34. fxg4 hxg4 35. Kf1 Kg6 36. Ke2 Kf5 37. Bc3 Ke4 38. Be1 Bd6 39. a4 Kd4
40. b4 Kc4 41. b5 axb5 42. axb5 Kxb5 43. Kd3 Kc5 44. Ke4 Kc4 45. Ke3 Kd5 46.
Kd3 e5 47. Ke2 Bc5 48. Ba5 e4 49. Bd2 Bg1 50. Bf4 Kd4 51. Bb8 e3 52. Bc7 Kd5
53. Bb8 Bf2 54. Bc7 1/2-1/2

[Event "Ct. Catalunya eq DH"]
[Site "?"]
[Date "2013.01.26"]
[Round "2.9"]
[White "Lopez Agustench, E."]
[Black "Gomez Jurado, LA."]
[Result "0-1"]
[WhiteElo "2343"]
[BlackElo "2322"]
[PlyCount "124"]
[EventDate "2013.??.??"]
[EventType "tourn"]
[EventRounds "11"]

1. d4 Nf6 2. Nf3 c5 3. d5 b5 4. Bg5 Ne4 5. Bh4 Bb7 6. a4 Qa5+ 7. Nbd2 Nxd2 8.
Qxd2 Qxd2+ 9. Nxd2 b4 10. e4 e6 11. Bc4 Be7 12. Bxe7 Kxe7 13. O-O d6 14. Rfe1
e5 15. Re3 Nd7 16. b3 g6 17. Rf1 Raf8 18. g3 h5 19. f4 h4 20. f5 Nf6 21. Be2
hxg3 22. Rxg3 gxf5 23. Rxf5 Bc8 24. Rf2 Rh4 25. Bf3 Rfh8 26. Re2 Ba6 27. Rf2
Rf4 28. Kg2 Bc8 29. Re2 Rfh4 30. Kg1 R8h6 31. Rf2 Bg4 32. Re2 Bxf3 33. Rxf3 Nh5
34. Nf1 Nf4 35. Ree3 Nh3+ 36. Kg2 Ng5 37. Rf5 Nxe4 38. Ref3 f6 39. h3 Rg6+ 40.
Kh2 Ng5 41. Rg3 Rgh6 42. Kg2 Nxh3 43. Rg7+ Kf8 44. Rxa7 Nf4+ 45. Kf2 Nxd5 46.
a5 Rh7 47. Ra8+ Kf7 48. Rf3 Rh8 49. Ra7+ Ke6 50. Rg3 R4h7 51. Ra6 Nc7 52. Rb6
Ra8 53. Rd3 Rd7 54. Ne3 Rxa5 55. Rb8 Ra2 56. Ke1 e4 57. Rd2 Ra1+ 58. Kf2 d5 59.
Rb6+ Rd6 60. Rxd6+ Kxd6 61. Kg3 d4 62. Kf4 Nd5+ 0-1

[Event "Ct. Catalunya eq DH"]
[Site "?"]
[Date "2013.01.26"]
[Round "2.9"]
[White "Martin Gonzalez, A."]
[Black "Mateu Guiu, E."]
[Result "1-0"]
[WhiteElo "2440"]
[BlackElo "2115"]
[PlyCount "81"]
[EventDate "2013.??.??"]
[EventType "tourn"]
[EventRounds "11"]

1. e4 c5 2. Nf3 Nc6 3. d4 cxd4 4. Nxd4 g6 5. Be3 Nf6 6. Nc3 Bg7 7. Bc4 O-O 8.
Bb3 d6 9. f3 Bd7 10. h4 Qa5 11. Qd2 Rfc8 12. O-O-O Ne5 13. h5 Nxh5 14. Bh6 Bxh6
15. Qxh6 Rxc3 16. bxc3 Qxc3 17. Ne2 Qa1+ 18. Kd2 Qb2 19. Rb1 Qa3 20. Ng3 Qb4+
21. c3 Qc5 22. Nxh5 Qf2+ 23. Kd1 gxh5 24. Qxh5 Qxg2 25. Qxh7+ Kf8 26. Qh8+ Qg8
27. Ke2 Ng6 28. Qxg8+ Kxg8 29. Bd5 Rc8 30. Rxb7 Bc6 31. Bxc6 Rxc6 32. Rxa7 Rxc3
33. Ra1 e5 34. a4 Nf4+ 35. Kf2 Rc2+ 36. Kf1 Ne2 37. a5 Nd4 38. a6 Nxf3 39. Ra8+
Kg7 40. a7 Rd2 41. Ra3 1-0

[Event "Ct. Catalunya eq DH"]
[Site "?"]
[Date "2013.01.26"]
[Round "2.9"]
[White "Rivas Garcia, V."]
[Black "Bru Rullo, L."]
[Result "1-0"]
[WhiteElo "2320"]
[BlackElo "2265"]
[PlyCount "91"]
[EventDate "2013.??.??"]
[EventType "tourn"]
[EventRounds "11"]

1. e4 e5 2. Bc4 Nf6 3. d3 Nc6 4. Nf3 Bc5 5. c3 a6 6. Bb3 Ba7 7. h3 d6 8. Nbd2
O-O 9. Nf1 d5 10. Qe2 h6 11. Ng3 Re8 12. O-O Be6 13. Bc2 b5 14. Re1 d4 15. Nh4
dxc3 16. bxc3 b4 17. Ba4 Bd7 18. Bxc6 Bxc6 19. cxb4 Nxe4 20. dxe4 Qxh4 21. Nf5
Qf6 22. a4 Bd7 23. Ne3 Qg6 24. Qf3 Bd4 25. Ra3 Re6 26. Nf5 Rae8 27. Qe2 c5 28.
Rg3 Qf6 29. Nxg7 Qxg7 30. Rxg7+ Kxg7 31. bxc5 Bxc5 32. a5 Rg6 33. Kh2 Bb5 34.
Qc2 Rc6 35. Qa2 Ree6 36. Be3 Bb4 37. Rc1 Rxc1 38. Bxc1 Bc5 39. Qc2 Rc6 40. Bb2
Bd4 41. Qd2 Bxb2 42. Qxb2 Re6 43. f4 f6 44. f5 Re7 45. Qb3 Rc7 46. Qg3+ 1-0

[Event "Ct. Catalunya eq DH"]
[Site "?"]
[Date "2013.01.26"]
[Round "2.9"]
[White "San Pedro Lopez, C."]
[Black "Gardela Batlle, J."]
[Result "0-1"]
[WhiteElo "2168"]
[BlackElo "2277"]
[PlyCount "140"]
[EventDate "2013.??.??"]
[EventType "tourn"]
[EventRounds "11"]

1. d4 d5 2. c4 e6 3. Nf3 c6 4. e3 Nf6 5. b3 Be7 6. Bd3 O-O 7. O-O b6 8. Nbd2
Bb7 9. Bb2 Nbd7 10. Qe2 c5 11. Rfd1 Rc8 12. Rac1 Rc7 13. e4 dxe4 14. Nxe4 Qa8
15. Neg5 cxd4 16. Bxd4 Ba3 17. Rc2 h6 18. Nh3 Bxf3 19. gxf3 Nh5 20. Qe4 Ndf6
21. Qxa8 Rxa8 22. Be3 Rd7 23. Be2 Rad8 24. Rxd7 Rxd7 25. Nf4 Nxf4 26. Bxf4 g5
27. Be3 e5 28. Rd2 Bc5 29. Kf1 Kf8 30. Rxd7 Nxd7 31. Bd3 Ke7 32. Bd2 a5 33. h4
f6 34. hxg5 fxg5 35. Bf5 Nf6 36. Ke2 Kd6 37. Bg6 Ng8 38. Bh7 Ne7 39. Bc1 Nc6
40. Bb2 Nd4+ 41. Bxd4 exd4 42. Bg6 Ke5 43. Kd3 Ba3 44. Bh5 Bc1 45. Bg4 Bb2 46.
Bh5 Kd6 47. a3 Kc5 48. b4+ axb4 49. axb4+ Kxb4 50. Bf7 Kc5 51. Bg6 Bc1 52. Bh5
Bf4 53. Bf7 Bh2 54. Bh5 Bg1 55. Bf7 Bxf2 56. Bh5 Be1 57. Bg6 Bc3 58. Bh5 Bb2
59. Bg6 Bc3 60. Bh5 Be1 61. Bg6 Bg3 62. Bh5 Be5 63. Bf7 Kb4 64. Bg6 Kb3 65. Bf7
Kb2 66. Ke4 Kc3 67. Kxe5 d3 68. f4 g4 69. Bh5 g3 70. Bf3 d2 0-1

[Event "Ct. Catalunya eq DH"]
[Site "?"]
[Date "2013.01.26"]
[Round "2.10"]
[White "Bravo Barranco, N."]
[Black "Ruiz Manchon, FX."]
[Result "1-0"]
[WhiteElo "2332"]
[BlackElo "2273"]
[PlyCount "83"]
[EventDate "2013.??.??"]
[EventType "tourn"]
[EventRounds "11"]

1. e4 c5 2. Nf3 e6 3. c4 a6 4. Nc3 d6 5. d4 cxd4 6. Nxd4 Nf6 7. Be2 Qc7 8. O-O
Nbd7 9. Be3 Be7 10. Qd2 b6 11. Rfc1 Bb7 12. f3 O-O 13. b4 Rfc8 14. Rab1 Rab8
15. Bf1 Qd8 16. Qf2 Ba8 17. Na4 Qe8 18. Nb3 Bd8 19. Rd1 b5 20. Nb2 Ne5 21. c5
d5 22. Bf4 Bc7 23. Bxe5 Bxe5 24. Nd3 Bc7 25. e5 Nd7 26. f4 f6 27. Qe3 fxe5 28.
fxe5 Qg6 29. Nd4 Qe4 30. Re1 Nxe5 31. Nxe6 Ng4 32. Qg5 Bxh2+ 33. Kh1 Qg6 34.
Qxg6 hxg6 35. Be2 Bg3 36. Bxg4 Bxe1 37. Rxe1 Re8 38. Ne5 Bb7 39. c6 Bc8 40. Nd7
Ra8 41. Rd1 a5 42. Nc7 1-0

[Event "Ct. Catalunya eq DH"]
[Site "?"]
[Date "2013.01.26"]
[Round "2.10"]
[White "Diaz Camallonga, C."]
[Black "Lillo Ferrer, JM."]
[Result "1-0"]
[WhiteElo "2286"]
[BlackElo "2200"]
[PlyCount "79"]
[EventDate "2013.??.??"]
[EventType "tourn"]
[EventRounds "11"]

1. e4 g6 2. d4 Bg7 3. Nc3 d6 4. Be3 a6 5. Qd2 Nd7 6. f3 b5 7. Nge2 Bb7 8. Nc1
c5 9. Nd1 cxd4 10. Bxd4 Ngf6 11. Nb3 O-O 12. Na5 Qc7 13. Qc3 Qb8 14. a4 e5 15.
Bf2 d5 16. Nxb7 Qxb7 17. axb5 axb5 18. Rxa8 Rxa8 19. exd5 Nxd5 20. Qb3 Rb8 21.
Bd3 Bf8 22. Be4 N7f6 23. Nc3 Nxe4 24. Nxe4 Bb4+ 25. c3 Be7 26. O-O Nf4 27. Rd1
Qc6 28. Be3 Ne6 29. Rd5 Qc4 30. Qd1 b4 31. b3 Qc6 32. c4 f5 33. Nd6 Bf6 34. Qd3
Ra8 35. h3 Ra1+ 36. Kh2 Nf4 37. Bxf4 exf4 38. Qe2 h5 39. Qe6+ Kg7 40. Ne8+ 1-0

[Event "Ct. Catalunya eq DH"]
[Site "?"]
[Date "2013.01.26"]
[Round "2.10"]
[White "Heredia Tarrats, A."]
[Black "Subirats Ruiz, S."]
[Result "1-0"]
[WhiteElo "2263"]
[BlackElo "2253"]
[PlyCount "71"]
[EventDate "2013.??.??"]
[EventType "tourn"]
[EventRounds "11"]

1. e4 e5 2. Nf3 Nc6 3. d4 exd4 4. Nxd4 Nf6 5. Nxc6 bxc6 6. e5 Qe7 7. Qe2 Nd5 8.
c4 Ba6 9. b3 O-O-O 10. g3 g5 11. Bb2 Bg7 12. Nd2 Nb4 13. Qe4 Rhe8 14. f4 Bb7
15. Bg2 gxf4 16. gxf4 f5 17. Qxf5 Rf8 18. Qxh7 Rxf4 19. O-O-O Qg5 20. Qh3 Bxe5
21. Bxe5 Qxe5 22. Kb1 Kb8 23. a3 Na6 24. Rhe1 Qf6 25. Qe3 d5 26. Qe7 Qh8 27. c5
Rff8 28. b4 Bc8 29. Qe3 Qh7+ 30. Ka2 Qxh2 31. Bf1 d4 32. Qe4 d3 33. Qxc6 Qh5
34. Bg2 Qf7+ 35. Nb3 Qf2+ 36. Rd2 1-0

[Event "Ct. Catalunya eq DH"]
[Site "?"]
[Date "2013.01.26"]
[Round "2.10"]
[White "Meza Martinez, A."]
[Black "Almirall Botella, J."]
[Result "1-0"]
[WhiteElo "2156"]
[BlackElo "2230"]
[PlyCount "93"]
[EventDate "2013.??.??"]
[EventType "tourn"]
[EventRounds "11"]

1. c4 f5 2. g3 Nf6 3. Bg2 e6 4. Nf3 c6 5. O-O d5 6. d4 Bd6 7. b3 Qe7 8. a4 a5
9. Ba3 Bxa3 10. Nxa3 O-O 11. Nc2 Na6 12. Ne5 Bd7 13. Ne1 Be8 14. N1d3 Nb4 15.
Rc1 Ne4 16. f3 Ng5 17. Qd2 Nf7 18. Nxf7 Bxf7 19. Nxb4 Qxb4 20. Qd3 Qe7 21. e4
Rae8 22. e5 f4 23. cxd5 cxd5 24. Qd2 fxg3 25. hxg3 Rc8 26. f4 Qb4 27. Qxb4 axb4
28. Rc5 Rxc5 29. dxc5 Rc8 30. Rc1 b6 31. c6 Rc7 32. Bf1 Bg6 33. Kf2 Kf8 34. Ke3
Ke8 35. Kd4 Kd8 36. Bh3 Ke7 37. Bf1 Bf5 38. Be2 h6 39. Bb5 h5 40. a5 bxa5 41.
Kc5 Bg6 42. Ra1 Bc2 43. Rxa5 Bxb3 44. Kxb4 Bc2 45. Kc5 Bg6 46. Kb6 Rc8 47. Ra7+
1-0

[Event "Ct. Catalunya eq DH"]
[Site "?"]
[Date "2013.01.26"]
[Round "2.10"]
[White "Vives Jaume, O."]
[Black "Rafiee, M."]
[Result "1/2-1/2"]
[WhiteElo "2226"]
[BlackElo "2148"]
[PlyCount "142"]
[EventDate "2013.??.??"]
[EventType "tourn"]
[EventRounds "11"]

1. d4 Nf6 2. c4 c5 3. d5 e6 4. Nc3 exd5 5. cxd5 d6 6. e4 g6 7. Bd3 Bg7 8. h3
O-O 9. Nf3 b5 10. Nxb5 Re8 11. O-O Nxe4 12. Re1 a6 13. Qa4 Bd7 14. Qa3 Qb6 15.
Rxe4 Rxe4 16. Bxe4 Qxb5 17. Bd3 Qb7 18. Nd2 Bb5 19. Qb3 Ra7 20. Ne4 Be5 21. Be3
f5 22. Ng5 Nd7 23. Rb1 Bxd3 24. Qxd3 Qb5 25. Qd2 Rb7 26. Ne6 Nb6 27. Bh6 Nd7
28. Nd8 Rb6 29. Be3 Nf6 30. f3 Qc4 31. Nc6 Bg3 32. b3 Kf7 33. bxc4 Rxb1+ 34.
Qc1 Rxc1+ 35. Bxc1 Nd7 36. Kf1 Nb6 37. Na5 Be5 38. Bd2 Kf6 39. Ke2 g5 40. Kd3
h5 41. Nc6 Nd7 42. Ba5 g4 43. Bd8+ Kf7 44. fxg4 fxg4 45. hxg4 hxg4 46. Ke4 Kg6
47. Ne7+ Kh5 48. Nf5 Kg6 49. Ne3 g3 50. Nf5 Kf7 51. Kf3 Kg6 52. Nh4+ Kf7 53.
Nf5 Kg6 54. Ne7+ Kf7 55. Nf5 Kg6 56. Kg4 Kf7 57. Bh4 Nb6 58. Bxg3 Bxg3 59. Kxg3
Nxc4 60. Kf4 Kg6 61. g4 Nb6 62. Nh4+ Kf7 63. Ke4 Na4 64. Kd3 Nb6 65. Nf5 Nxd5
66. Nxd6+ Ke6 67. Ne4 Nb4+ 68. Kc4 Nxa2 69. Nxc5+ Ke5 70. Nd3+ Kf6 71. Kb3 Nc1+
1/2-1/2